| 000 | 01419nam a22003977a 4500 | ||
|---|---|---|---|
| 003 | CHAP | ||
| 005 | 20220329140757.0 | ||
| 008 | 971013s1978 r 00010 d | ||
| 010 | _a57440 | ||
| 011 | _a58412 | ||
| 035 | _a62567 | ||
| 040 | _cCHAP | ||
| 090 | _aTesis | ||
| 100 | 0 | 0 |
_aSosa Maldonado, Lucino. _9108811 |
| 245 | _aTrabajo de Campo Valle de Vázquez, Morelos; I. Aspectos generales y experimentales en maíz | ||
| 260 |
_aChapingo, Méx. : _bEl autor, _c1978 |
||
| 300 | _a87 h. | ||
| 502 | _aTesis (Ing.Agr. esp. en Fitotecnia) -- ENA. Departamento de Fitotecnia | ||
| 590 |
_aALEPH _b10 _c20130110 _lUCH01 _h1335 |
||
| 590 |
_aBATCH-UPD _b10 _c20130109 _lUCH01 _h2335 |
||
| 590 |
_aBATCH-UPD _b10 _c20130110 _lUCH01 _h1725 |
||
| 590 |
_aBATCH-UPD _b10 _c20130409 _lUCH01 _h1902 |
||
| 590 |
_aBATCH-UPD _b10 _c20130410 _lUCH01 _h1107 |
||
| 590 |
_aBATCH-UPD _b10 _c20130914 _lUCH01 _h1146 |
||
| 590 |
_aCONVERSION _b10 _c20130109 _lUCH01 _h1331 |
||
| 650 | 1 | 4 |
_aDesarrollo de la comunidad rural _xMorelos. _932016 |
| 650 | 1 | 4 |
_aExtensión agrícola _xMorelos. _939175 |
| 650 | 1 | 4 |
_aMaíz _xMorelos. _971022 |
| 650 | 1 | 4 |
_aMorelos _xCondiciones económicas. _978525 |
| 650 | 1 | 4 |
_aMorelos _xCondiciones sociales. _978527 |
| 901 | _aBK | ||
| 942 | _cFOLL | ||
| 949 |
_bBC _cTES _d-134079 _eTS1 _i62567 _si |
||
| 949 |
_bBC _cTES _d-134080 _eTS2 _fc.2 _i62567 _si |
||
| 949 |
_bBC _cTES _d33724000972352 _eTS2 _fc.3 _i62567 _si |
||
| 999 |
_c57440 _d57440 |
||